Missing Word: Don Cheadle Quiz Stats

Quiz Updated Mar 29, 2016

Challenge
Share
Tweet
Embed
Score 0/18 Timer 03:00
0 Plays Today
Movie Word % Correct
______'s ElevenOcean
98.5%
Boogie _______Nights
92%
Avengers: ___ of UltronAge
90.8%
Hotel _______Rwanda
89.3%
______ Man 3Iron
89%
____ of SightOut
87.4%
Mission to ______Mars
85.9%
The United _______ of LelandStates
84.6%
Devil in a ______ DressBlue
83.4%
Movie Word % Correct
Hamburger _____Hill
66.4%
Reign Over ___Me
62.2%
Hotel for _____Dogs
54.4%
Brooklyn's ________Finest
50.3%
The Assassination of Richard ______Nixon
46.3%
Things to Do in _______ when You're DeadDenver
41.5%
The Meteor ____Man
40.5%
_____ the SunsetAfter
31.5%
Miles _____Ahead
15.4%

Today's Daily Dose

Missing Word
1971 Movies A-Z

Word Ladder
Complete Tour

Quick Pick
Logo Colors

On This Day
January 19th

You're not logged in!

Compare scores with friends on all Sporcle quizzes.
Sign Up with Email
OR
Log In

You Might Also Like...

Show Comments

Extras

Top Quizzes Today


Score Distribution

Your Account Isn't Verified!

In order to create a playlist on Sporcle, you need to verify the email address you used during registration. Go to your Sporcle Settings to finish the process.